000 00928nam a22003137a 4500
001 BR2020000109
003 BR-BrBNA
005 20230928105503.0
007 ta
008 230509b bl.||||| |||| 00| 0 por d
020 _a978-85-444-0413-3
040 _aBR-BrBNA
_bpor
_cBiblioteca Nacional de Agricultura
041 _a(Por)
072 _aC20; P01
090 _ C20 BR2020000109
100 1 _aLuft, S.
245 1 _aJornalismo ambiental na Amazônia: as fontes de informação na cobertura dos desmatamentos no Jornal O Liberal do Pará
260 3 _aCuritiba, PR (Brasil):
_bCRV,
_c2015.
300 _a128 p.
500 _aBibliography p.121-125 (80 ref.)
650 _aCOMUNICAÇÃO
650 _aJORNALISMO
650 _aDESENVOLVIMENTO SUSTENTÁVEL
650 _aDESMATAMENTO
650 _aIMPACTO AMBIENTAL
650 _aPOLÍTICA AMBIENTAL
909 _a202309
_bLucia
_c55
_dLucia Elande
942 _cBK
999 _c85356
_d85356